[Event "33rd Leon Blitz Open 2020"]
[Site "chess.com INT"]
[Date "2020.07.14"]
[Round "8"]
[White "Mehdi, Hasan Parag"]
[Black "Doluhanova, Evgeniya"]
[Result "1-0"]
[WhiteTitle "FM"]
[BlackTitle "WGM"]
[WhiteElo "2180"]
[BlackElo "2229"]
[WhiteFideId "10201203"]
[BlackFideId "14112035"]
[EventDate "2020.07.14"]
[EventType "blitz"]

1. e4 e5 2. Nf3 Nc6 3. Bb5 Nf6 4. d3 Bc5 5. Bxc6 dxc6 6. Nc3 O-O 7. Be3 Bd4 8.
Qd2 Bg4 9. h3 Bxf3 10. gxf3 Qd6 11. Rg1 Rfe8 12. O-O-O b5 13. Rg2 a5 14. Rdg1 g6
15. f4 Nh5 16. f5 a4 17. Bxd4 exd4 18. Ne2 b4 19. Qh6 Ng7 20. fxg6 fxg6 21. Nf4
b3 22. a3 Qc5 23. f3 Rab8 24. Qg5 Qxg5 25. Rxg5 Rf8 26. Ne2 Rxf3 27. Nxd4 Rf2
28. cxb3 axb3 29. R5g2 Rxg2 30. Rxg2 c5 31. Nc6 Rf8 32. Kd2 Ne6 33. Kc3 Rf3 34.
Rd2 Rxh3 35. a4 Rh2 36. Rxh2 1-0

[Event "33rd Leon Blitz Open 2020"]
[Site "chess.com INT"]
[Date "2020.07.14"]
[Round "8"]
[White "Henderson de La Fuente, Lance"]
[Black "Narayanan, S.L."]
[Result "0-1"]
[WhiteTitle "GM"]
[BlackTitle "GM"]
[WhiteElo "2491"]
[BlackElo "2618"]
[WhiteFideId "32096585"]
[BlackFideId "5058422"]
[EventDate "2020.07.14"]
[EventType "blitz"]

1. d4 Nf6 2. Nf3 d5 3. c4 e6 4. g3 dxc4 5. a4 Nc6 6. Bg2 Na5 7. Bg5 Be7 8. Nbd2
h6 9. Bxf6 Bxf6 10. e3 c5 11. Ne4 Nb3 12. Rb1 cxd4 13. Nxf6+ Qxf6 14. Nxd4 Nxd4
15. exd4 O-O 16. O-O Rd8 17. Rc1 Rxd4 18. Qc2 e5 19. Rfe1 Bf5 20. Qe2 e4 21.
Rxc4 Rxc4 22. Qxc4 Qxb2 23. Bxe4 Re8 24. f3 Bh3 25. Qe2 Qd4+ 26. Qf2 Qxa4 27. g4
Bxg4 28. Qe3 Bf5 29. Qf4 Bxe4 30. fxe4 0-1

[Event "33rd Leon Blitz Open 2020"]
[Site "chess.com INT"]
[Date "2020.07.14"]
[Round "8"]
[White "Macovei, Andrei"]
[Black "Przybylski, Wojciech"]
[Result "1-0"]
[WhiteTitle "IM"]
[BlackTitle "FM"]
[WhiteElo "2453"]
[BlackElo "2321"]
[WhiteFideId "13904680"]
[BlackFideId "1117599"]
[EventDate "2020.07.14"]
[EventType "blitz"]

1. e4 c5 2. Nf3 d6 3. d4 cxd4 4. Nxd4 Nf6 5. Nc3 a6 6. f3 e5 7. Nb3 Be6 8. Be3
Nbd7 9. Qd2 h5 10. Nd5 Nxd5 11. exd5 Bf5 12. Be2 Be7 13. O-O Rc8 14. c4 g5 15.
Na5 Rc7 16. b4 f6 17. c5 Kf7 18. Rac1 Nb8 19. Nc4 Kg6 20. g4 Bc8 21. cxd6 Bxd6
22. Bb6 hxg4 23. fxg4 Rxh2 24. Kxh2 Rh7+ 25. Kg1 Qh8 26. Bd3+ e4 27. Bxe4+ f5
28. gxf5+ Kf7 29. Nxd6+ Kf8 30. Rxc8+ 1-0

[Event "33rd Leon Blitz Open 2020"]
[Site "chess.com INT"]
[Date "2020.07.14"]
[Round "8"]
[White "Rottenwohrer Suarez, Juan"]
[Black "Pesotskiy, Mikhail"]
[Result "1-0"]
[WhiteTitle "CM"]
[BlackTitle "FM"]
[WhiteElo "2197"]
[BlackElo "2245"]
[WhiteFideId "32068182"]
[BlackFideId "34164453"]
[EventDate "2020.07.14"]
[EventType "blitz"]

1. Nf3 Nf6 2. c4 e6 3. b3 b6 4. Bb2 Bb7 5. g3 Be7 6. Bg2 O-O 7. O-O c5 8. d4
cxd4 9. Nxd4 Bxg2 10. Kxg2 d6 11. Nc3 a6 12. e4 Qc7 13. Rc1 Nbd7 14. f3 Qb7 15.
h4 Rfd8 16. Qe2 Rac8 17. Rfd1 h6 18. Re1 Bf8 19. f4 Nc5 20. Qf3 Qa7 21. g4 Ncd7
22. g5 hxg5 23. hxg5 Nh7 24. Rh1 Be7 25. Rxh7 Kxh7 26. Qh5+ Kg8 27. Rh1 f5 28.
g6 Nf6 29. Qh8# 1-0

[Event "33rd Leon Blitz Open 2020"]
[Site "chess.com INT"]
[Date "2020.07.14"]
[Round "8"]
[White "Reprintsev, Alexander"]
[Black "Rustemov, Alexander"]
[Result "0-1"]
[WhiteTitle "IM"]
[BlackTitle "GM"]
[WhiteElo "2353"]
[BlackElo "2525"]
[WhiteFideId "14100541"]
[BlackFideId "4119002"]
[EventDate "2020.07.14"]
[EventType "blitz"]

1. e4 e6 2. Qe2 d5 3. exd5 Qxd5 4. Nc3 Qd8 5. Nf3 c5 6. Ne5 Nf6 7. Qf3 a6 8. g4
Qc7 9. Nc4 Nc6 10. g5 Nd4 11. Qd3 b5 12. Ne3 Bb7 13. Bg2 O-O-O 14. gxf6 Nf3+ 15.
Bxf3 Rxd3 16. Bxb7+ Qxb7 17. Rg1 Rd8 18. fxg7 Rg8 19. a4 Rxg7 20. Rxg7 Bxg7 21.
axb5 axb5 22. Ke2 Bxc3 23. bxc3 f5 24. f4 Qh1 25. Nf1 Rg8 26. Ba3 Rg2+ 27. Ke3
Rg1 28. Ng3 Rxg3+ 0-1

[Event "33rd Leon Blitz Open 2020"]
[Site "chess.com INT"]
[Date "2020.07.14"]
[Round "8"]
[White "Tsvetkov, Andrey"]
[Black "Baskin, Robert"]
[Result "0-1"]
[WhiteTitle "FM"]
[BlackTitle "IM"]
[WhiteElo "2358"]
[BlackElo "2390"]
[WhiteFideId "34139360"]
[BlackFideId "24662402"]
[EventDate "2020.07.14"]
[EventType "blitz"]

1. d4 f5 2. c4 Nf6 3. Nf3 g6 4. e3 Bg7 5. b4 O-O 6. Bb2 d6 7. Nbd2 c6 8. Be2 Qc7
9. O-O Nbd7 10. a4 e5 11. dxe5 dxe5 12. c5 e4 13. Ng5 Ne5 14. Nc4 Nxc4 15. Bxc4+
Kh8 16. Nf7+ Rxf7 17. Bxf7 Ng4 18. Bxg7+ Kxg7 19. Qd4+ Kxf7 20. f4 exf3 21. g3
f2+ 22. Kg2 Be6 23. e4 Rd8 24. Qc3 fxe4 25. h3 Rd3 26. Qh8 Qxg3+ 0-1

[Event "33rd Leon Blitz Open 2020"]
[Site "chess.com INT"]
[Date "2020.07.14"]
[Round "8"]
[White "Baches Garcia, Guillermo"]
[Black "Shvedova, Alexandra"]
[Result "1-0"]
[WhiteTitle "IM"]
[BlackTitle "WFM"]
[WhiteElo "2329"]
[BlackElo "1994"]
[WhiteFideId "2209764"]
[BlackFideId "54154782"]
[EventDate "2020.07.14"]
[EventType "blitz"]

1. e4 e5 2. Nf3 Nc6 3. Nc3 g6 4. d4 exd4 5. Nxd4 Bg7 6. Be3 Nf6 7. Nxc6 bxc6 8.
e5 Ng8 9. Bd4 Ne7 10. Bd3 O-O 11. O-O d6 12. Re1 c5 13. exd6 cxd6 14. Bxg7 Kxg7
15. Bc4 Bb7 16. Nd5 Nxd5 17. Bxd5 Bxd5 18. Qxd5 Qf6 19. b3 Rfe8 20. g3 Re5 21.
Qxa8 Rf5 22. Qg2 Qc3 23. Rac1 d5 24. Re2 d4 25. Rce1 Rf6 26. Qe4 Re6 27. Qd3
Qxe1+ 28. Rxe1 Rxe1+ 29. Kg2 Re5 30. a4 h5 31. h4 Rf5 32. Qa6 Re5 33. Qxa7 Kf6
34. a5 Ke6 35. a6 Kd6 36. Qb8+ Kd5 37. Qxe5+ Kxe5 38. a7 1-0

[Event "33rd Leon Blitz Open 2020"]
[Site "chess.com INT"]
[Date "2020.07.14"]
[Round "8"]
[White "Vaibhav, Suri"]
[Black "Aditya, Mittal"]
[Result "1-0"]
[WhiteTitle "GM"]
[BlackTitle "IM"]
[WhiteElo "2600"]
[BlackElo "2438"]
[WhiteFideId "5045185"]
[BlackFideId "35042025"]
[EventDate "2020.07.14"]
[EventType "blitz"]

1. e3 d5 2. c4 c6 3. Nf3 Nf6 4. b3 e6 5. Bb2 Bd6 6. Qc2 Nbd7 7. g4 h6 8. h4 Qe7
9. Rg1 e5 10. g5 hxg5 11. hxg5 Ne4 12. cxd5 cxd5 13. Nc3 Nxc3 14. dxc3 Nc5 15.
O-O-O g6 16. Rxd5 Bf5 17. Bb5+ Kf8 18. Qd1 Rd8 19. c4 Be4 20. Rd2 Bxf3 21. Qxf3
e4 22. Qf6 Rh5 23. Qg7# 1-0

[Event "33rd Leon Blitz Open 2020"]
[Site "chess.com INT"]
[Date "2020.07.14"]
[Round "8"]
[White "Idrisov, Ildar F"]
[Black "Hoffmann, Asa"]
[Result "1-0"]
[WhiteTitle "FM"]
[BlackTitle "FM"]
[WhiteElo "2282"]
[BlackElo "2185"]
[WhiteFideId "4151020"]
[BlackFideId "2001470"]
[EventDate "2020.07.14"]
[EventType "blitz"]

1. Nf3 d6 2. d4 Bg4 3. b3 Nd7 4. Bb2 Ngf6 5. g3 Bxf3 6. exf3 c6 7. f4 e6 8. Bg2
g6 9. Nd2 Bg7 10. O-O O-O 11. Re1 Qc7 12. c4 a5 13. a3 Rfe8 14. Bc3 b6 15. Qc2
d5 16. Nf3 c5 17. dxc5 Nxc5 18. cxd5 Nxd5 19. Bxg7 Kxg7 20. Rac1 Rac8 21. Qb2+
Kg8 22. Red1 Qe7 23. Ne5 Qf6 24. Bxd5 exd5 25. Rxd5 a4 26. bxa4 Nxa4 27. Rxc8
Rxc8 28. Qb3 Nc5 29. Qc4 Ra8 30. Ng4 Qg7 31. Rd6 h5 32. Ne5 Kh8 33. Nxf7+ Kg8
34. Ne5+ Kh7 35. Rxg6 1-0

[Event "33rd Leon Blitz Open 2020"]
[Site "chess.com INT"]
[Date "2020.07.14"]
[Round "8"]
[White "Aldokhin, Ivan"]
[Black "Timofeev, Artyom"]
[Result "0-1"]
[WhiteTitle "IM"]
[BlackTitle "GM"]
[WhiteElo "2413"]
[BlackElo "2580"]
[WhiteFideId "24115720"]
[BlackFideId "4140419"]
[EventDate "2020.07.14"]
[EventType "blitz"]

1. e4 d5 2. exd5 Qxd5 3. Nc3 Qd8 4. Bc4 g6 5. Nf3 Nh6 6. d4 Nf5 7. Ne5 Nd6 8.
Bb3 Bg7 9. Bf4 O-O 10. Qd2 a5 11. O-O b5 12. a3 Bb7 13. Rfe1 Nd7 14. Rad1 Nb6
15. Bh6 e6 16. Bxg7 Kxg7 17. Ng4 Qh4 18. h3 h6 19. Qf4 Qg5 20. Qe5+ Qxe5 21.
dxe5 Ndc4 22. Nxb5 Nxb2 23. Rb1 N2c4 24. Nxc7 Rab8 25. a4 Bc6 26. Ra1 Rfc8 27.
Nb5 Bxb5 28. axb5 Rc5 29. Re4 Rbc8 30. Bxc4 Nxc4 31. Rb1 a4 32. f4 a3 33. Ra1
Rxb5 34. Ne3 Nd2 35. Rxa3 Nxe4 0-1

[Event "33rd Leon Blitz Open 2020"]
[Site "chess.com INT"]
[Date "2020.07.14"]
[Round "8"]
[White "Bodnaruk, Anastasia"]
[Black "Singgih, Diajeng Theresa"]
[Result "1-0"]
[WhiteTitle "IM"]
[BlackTitle "WFM"]
[WhiteElo "2411"]
[BlackElo "1972"]
[WhiteFideId "4181751"]
[BlackFideId "7104391"]
[EventDate "2020.07.14"]
[EventType "blitz"]

1. e4 e5 2. Nf3 Nc6 3. Bc4 Bc5 4. d3 Nf6 5. Bg5 O-O 6. O-O h6 7. Bh4 d6 8. Nc3
g5 9. Nxg5 hxg5 10. Bxg5 Be6 11. Kh1 Nd4 12. Nd5 Bxd5 13. exd5 c6 14. f4 e4 15.
dxe4 cxd5 16. exd5 Nf5 17. Qd3 Ne3 18. Rf3 Neg4 19. Raf1 Qb6 20. Rg3 Bd4 21.
Bxf6 Bxf6 22. Rxg4+ Bg7 23. Rxg7+ Kxg7 24. Qg3+ Kh8 25. Qh4+ Kg7 26. Qg5+ Kh8
27. Rf3 Kh7 28. Rh3# 1-0

[Event "33rd Leon Blitz Open 2020"]
[Site "chess.com INT"]
[Date "2020.07.14"]
[Round "8"]
[White "Nikitenko, Mihail"]
[Black "Seul, Georg"]
[Result "1-0"]
[WhiteTitle "IM"]
[BlackTitle "IM"]
[WhiteElo "2436"]
[BlackElo "2372"]
[WhiteFideId "13506862"]
[BlackFideId "4601653"]
[EventDate "2020.07.14"]
[EventType "blitz"]

1. e4 e5 2. Nf3 Nc6 3. Bb5 a6 4. Ba4 Nf6 5. O-O Be7 6. Re1 b5 7. Bb3 d6 8. c3
O-O 9. h3 Na5 10. Bc2 c5 11. d3 Re8 12. Nbd2 Bf8 13. Nf1 h6 14. Ng3 Nc6 15. a4
Be6 16. d4 cxd4 17. cxd4 exd4 18. Nxd4 Nxd4 19. Qxd4 Rc8 20. Bd3 Bc4 21. axb5
axb5 22. Bb1 g6 23. Bf4 h5 24. Bg5 Be7 25. Ra7 Nd7 26. Bxe7 Rxe7 27. Qxd6 Be6
28. Rd1 Qb6 29. Qxb6 1-0

[Event "33rd Leon Blitz Open 2020"]
[Site "chess.com INT"]
[Date "2020.07.14"]
[Round "8"]
[White "Rom, Jasper"]
[Black "Thipsay, Praveen M"]
[Result "1/2-1/2"]
[BlackTitle "GM"]
[WhiteElo "2202"]
[BlackElo "2376"]
[WhiteFideId "2023733"]
[BlackFideId "5000033"]
[EventDate "2020.07.14"]
[EventType "blitz"]

1. e4 e5 2. Nf3 Nc6 3. Bb5 a6 4. Bxc6 dxc6 5. O-O Bg4 6. h3 h5 7. d3 Qf6 8. Nbd2
Ne7 9. Re1 Ng6 10. d4 O-O-O 11. dxe5 Qe7 12. hxg4 hxg4 13. Nh2 Nxe5 14. g3 Qe6
15. Qe2 Rxh2 16. Kxh2 Qh6+ 17. Kg1 Rxd2 18. Bxd2 Qh3 19. f4 Nf3+ 20. Kf2 Bc5+
21. Be3 Qh2+ 22. Kf1 Qh1+ 23. Kf2 Qh2+ 24. Kf1 Qh1+ 25. Kf2 Qh2+ 1/2-1/2

[Event "33rd Leon Blitz Open 2020"]
[Site "chess.com INT"]
[Date "2020.07.14"]
[Round "8"]
[White "Grunberg, Mihai-Lucian"]
[Black "Schitco, Ivan"]
[Result "0-1"]
[WhiteTitle "IM"]
[BlackTitle "IM"]
[WhiteElo "2401"]
[BlackElo "2467"]
[WhiteFideId "1204149"]
[BlackFideId "13905465"]
[EventDate "2020.07.14"]
[EventType "blitz"]

1. Nf3 Nf6 2. c4 b6 3. g3 Bb7 4. Bg2 g6 5. O-O Bg7 6. d4 O-O 7. Nc3 Ne4 8. Qc2
Nxc3 9. Qxc3 c5 10. e3 Be4 11. b4 Nc6 12. bxc5 bxc5 13. Ne5 Bxg2 14. Kxg2 Nxe5
15. dxe5 d6 16. f4 dxe5 17. fxe5 Qc8 18. Bb2 Rb8 19. Rf2 f5 20. Rd1 Qc6+ 21. Kg1
Rfd8 22. Rfd2 Rxd2 23. Qxd2 Qe6 24. Qc3 h5 25. Rd5 Qc6 26. Ba3 e6 27. Rd1 h4 28.
Qd3 h3 29. e4 Bxe5 30. Bc1 fxe4 31. Qe2 Bd4+ 32. Kf1 Rf8+ 0-1

[Event "33rd Leon Blitz Open 2020"]
[Site "chess.com INT"]
[Date "2020.07.14"]
[Round "8"]
[White "Onischuk, Vladimir"]
[Black "Holt, Conrad"]
[Result "0-1"]
[WhiteTitle "GM"]
[BlackTitle "GM"]
[WhiteElo "2633"]
[BlackElo "2549"]
[WhiteFideId "14114038"]
[BlackFideId "2034387"]
[EventDate "2020.07.14"]
[EventType "blitz"]

1. e4 e6 2. d4 d5 3. Bd3 dxe4 4. Bxe4 Nf6 5. Bf3 c5 6. Ne2 Nc6 7. Be3 cxd4 8.
Nxd4 Ne5 9. Nc3 Be7 10. Qe2 Nxf3+ 11. Qxf3 O-O 12. O-O-O Qa5 13. g4 Rd8 14. Nb3
Qa6 15. Rxd8+ Bxd8 16. Rd1 Bc7 17. g5 Ne8 18. Nc5 Qc4 19. N5e4 Qc6 20. h4 e5 21.
Nd5 Bd8 22. Ndf6+ Bxf6 23. gxf6 Be6 24. Rg1 g6 25. Ng5 Bd5 26. Qg3 Rc8 27. c3
Qxf6 28. Rd1 Bxa2 29. Qg4 Rd8 30. Qa4 Rxd1+ 31. Kxd1 Qd8+ 32. Kc1 Bd5 33. Qxa7
f6 34. Nh3 Bb3 35. Bd2 Qd3 0-1

[Event "33rd Leon Blitz Open 2020"]
[Site "chess.com INT"]
[Date "2020.07.14"]
[Round "8"]
[White "Pranav, Anand"]
[Black "Tronenkovs, Valdis"]
[Result "1-0"]
[WhiteTitle "FM"]
[BlackTitle "FM"]
[WhiteElo "2381"]
[BlackElo "2265"]
[WhiteFideId "46626786"]
[BlackFideId "11601558"]
[EventDate "2020.07.14"]
[EventType "blitz"]

1. d4 Nf6 2. Nf3 e6 3. c4 d5 4. Nc3 Be7 5. Bf4 O-O 6. e3 Nbd7 7. Be2 dxc4 8. O-O
a6 9. a4 c5 10. dxc5 Bxc5 11. Bxc4 b6 12. Ng5 Bb7 13. Bxe6 fxe6 14. Nxe6 Qe7 15.
Nxf8 Nxf8 16. Qe2 Ng6 17. Bg3 Ne4 18. Qc4+ Kh8 19. Nxe4 Bxe4 20. Rfd1 h5 21. b4
h4 22. bxc5 hxg3 23. hxg3 bxc5 24. Rac1 Qb7 25. Qxc5 Re8 26. Qc7 Qb2 27. Qc3 Qb7
28. Qa5 Re5 29. Qd8+ Kh7 30. Rc7 Qb3 31. Qd7 Re8 32. Qxg7# 1-0

[Event "33rd Leon Blitz Open 2020"]
[Site "chess.com INT"]
[Date "2020.07.14"]
[Round "8"]
[White "Pon, Matt"]
[Black "Suvrajit, Saha"]
[Result "1-0"]
[WhiteTitle "FM"]
[BlackTitle "IM"]
[WhiteElo "2185"]
[BlackElo "2198"]
[WhiteFideId "14301644"]
[BlackFideId "5002532"]
[EventDate "2020.07.14"]
[EventType "blitz"]

1. e4 e5 2. Nf3 Nc6 3. Bc4 Bc5 4. c3 Nf6 5. d3 d6 6. h3 h6 7. Bb3 Bb6 8. Nbd2
O-O 9. Nc4 Be6 10. O-O Re8 11. Be3 Bxe3 12. Nxe3 d5 13. exd5 Nxd5 14. Nc4 Qf6
15. Re1 Rad8 16. Ncxe5 Nxe5 17. Rxe5 Nf4 18. d4 Bxb3 19. axb3 Rxe5 20. Nxe5 a6
21. Qf3 Nd5 22. Qxf6 Nxf6 23. b4 c6 24. Nd3 Re8 25. Re1 Rxe1+ 26. Nxe1 Kf8 27.
Kf1 Ke7 28. Ke2 Kd6 29. Kd3 Nd5 30. g3 f6 31. Nc2 b5 32. Ne3 Ne7 33. b3 Ke6 34.
Ke4 h5 35. Ng2 g5 36. c4 f5+ 37. Kd3 Ng6 38. h4 gxh4 39. Nxh4 Nxh4 40. gxh4 Kf6
41. Ke3 Ke6 42. Kf4 Kf6 43. f3 Ke6 44. Kg5 bxc4 45. bxc4 1-0

[Event "33rd Leon Blitz Open 2020"]
[Site "chess.com INT"]
[Date "2020.07.14"]
[Round "8"]
[White "Panda, Vedic"]
[Black "Chernikov, Vladimir"]
[Result "1-0"]
[BlackTitle "FM"]
[WhiteElo "2069"]
[BlackElo "2231"]
[WhiteFideId "30903416"]
[BlackFideId "14112914"]
[EventDate "2020.07.14"]
[EventType "blitz"]

1. e4 c5 2. Nf3 Nc6 3. Bb5 g6 4. O-O Bg7 5. Bxc6 dxc6 6. d3 e5 7. Nc3 Qc7 8. Be3
b6 9. a3 Ne7 10. b4 cxb4 11. axb4 f5 12. Qb1 f4 13. Bd2 Be6 14. Ng5 Bg8 15. h3
h6 16. Nf3 g5 17. Qb2 Bf6 18. Ra6 h5 19. Nh2 Be6 20. f3 g4 21. fxg4 hxg4 22.
hxg4 Ng6 23. Ne2 Qh7 24. Nf3 Qh1+ 25. Kf2 Bh4+ 26. Nxh4 Qxh4+ 27. g3 fxg3+ 28.
Nxg3 Qh2+ 29. Ke1 Qxg3+ 30. Kd1 Bxg4+ 31. Kc1 Qg2 32. Re1 Rh2 33. Be3 Rh1 34.
Qc3 Rxe1+ 35. Qxe1 Qe2 36. Qg1 Nf4 37. Bxf4 exf4 38. Qd4 Qe3+ 39. Qxe3 fxe3 40.
c3 Kd7 41. d4 Rh8 42. Rxa7+ Kc8 43. Ra8+ Kb7 44. Rxh8 e2 45. Kd2 1-0

[Event "33rd Leon Blitz Open 2020"]
[Site "chess.com INT"]
[Date "2020.07.14"]
[Round "8"]
[White "Muradli, Mahammad"]
[Black "Anton Guijarro, David"]
[Result "0-1"]
[WhiteTitle "IM"]
[BlackTitle "GM"]
[WhiteElo "2449"]
[BlackElo "2703"]
[WhiteFideId "13409301"]
[BlackFideId "2285525"]
[EventDate "2020.07.14"]
[EventType "blitz"]

1. d4 g6 2. c4 Bg7 3. Nc3 d6 4. e4 Nf6 5. Be2 O-O 6. Be3 a6 7. Nf3 Bg4 8. O-O
Nfd7 9. Qc2 Bxf3 10. Bxf3 Nc6 11. Rad1 e5 12. d5 Nd4 13. Bxd4 exd4 14. Ne2 d3
15. Rxd3 Ne5 16. Rb3 c5 17. dxc6 bxc6 18. g3 a5 19. Bg2 a4 20. Ra3 Qb6 21. Rd1
Ng4 22. Nc3 Bd4 23. Rd2 Rfb8 24. Nxa4 Bxf2+ 25. Kf1 Qb4 26. Rxf2 Qxa3 27. Rf3
Ne3+ 0-1

[Event "33rd Leon Blitz Open 2020"]
[Site "chess.com INT"]
[Date "2020.07.14"]
[Round "8"]
[White "Mohammad, Nubairshah Shaikh"]
[Black "Lopez Idarraga, Daniel Eduardo"]
[Result "1-0"]
[WhiteTitle "IM"]
[BlackTitle "FM"]
[WhiteElo "2445"]
[BlackElo "2009"]
[WhiteFideId "5053196"]
[BlackFideId "4405501"]
[EventDate "2020.07.14"]
[EventType "blitz"]

1. d4 d5 2. c4 Bf5 3. Nc3 e6 4. Nf3 c6 5. Bg5 Nf6 6. e3 Nbd7 7. Bd3 Bxd3 8. Qxd3
Be7 9. O-O O-O 10. Rfe1 Re8 11. Rad1 Qa5 12. a3 a6 13. h3 b5 14. c5 b4 15. axb4
Qxb4 16. Qc2 Rab8 17. Ra1 a5 18. Ra2 h6 19. Bf4 Ra8 20. Rea1 Bd8 21. Ra4 Qb7 22.
b4 Bc7 23. Bxc7 Qxc7 24. Rxa5 Rxa5 25. Rxa5 Rb8 26. Qa4 Qb7 27. b5 cxb5 28. Rxb5
Qc7 29. g3 Re8 30. Kg2 Ne4 31. Rb3 Ndf6 32. Nxe4 dxe4 33. Ne5 Rb8 34. Rxb8+ Qxb8
35. Nd7 Qc8 36. Nxf6+ gxf6 37. Qb5 Kf8 38. c6 Ke8 39. Qb7 Kd8 40. g4 Qxb7 41.
cxb7 Kc7 42. Kg3 Kxb7 43. Kh4 Kc6 44. Kh5 f5 45. gxf5 exf5 46. Kxh6 1-0

[Event "33rd Leon Blitz Open 2020"]
[Site "chess.com INT"]
[Date "2020.07.14"]
[Round "8"]
[White "Le Goff, Ronan"]
[Black "Vovk, Orest"]
[Result "0-1"]
[WhiteTitle "FM"]
[BlackTitle "FM"]
[WhiteElo "2267"]
[BlackElo "2315"]
[WhiteFideId "612073"]
[BlackFideId "14113490"]
[EventDate "2020.07.14"]
[EventType "blitz"]

1. d4 Nc6 2. e4 e5 3. Nf3 exd4 4. Nxd4 Nxd4 5. Qxd4 Ne7 6. c4 Nc6 7. Qe3 Bb4+ 8.
Nc3 d6 9. a3 Bxc3+ 10. Qxc3 Qf6 11. Qxf6 gxf6 12. Be3 Be6 13. O-O-O b6 14. Be2
Na5 15. b4 Nxc4 16. Bxc4 Bxc4 17. Bd4 Ke7 18. f3 b5 19. Rd2 a5 20. Bc3 axb4 21.
axb4 Ra3 22. Bb2 Rb3 23. f4 Rxb4 24. e5 Ra8 25. Re1 fxe5 26. fxe5 Kd7 27. exd6
cxd6 28. Re3 Be6 29. Red3 Rc4+ 30. Kd1 d5 31. h3 Kc6 32. g4 b4 33. Ke2 Kb5 34.
Rd4 Rxd4 35. Bxd4 b3 36. Kd3 Ra2 37. Rxa2 bxa2 38. Ba1 Kb4 39. Kd4 Kb3 40. Kd3
f5 41. g5 f4 42. h4 Bf5+ 43. Kd4 f3 44. Ke3 Be4 45. h5 Kc2 46. g6 hxg6 47. hxg6
Bxg6 48. Kxf3 Kb1 49. Bd4 a1=Q 50. Bxa1 Kxa1 51. Ke3 Be4 52. Kd4 Kb2 0-1

[Event "33rd Leon Blitz Open 2020"]
[Site "chess.com INT"]
[Date "2020.07.14"]
[Round "8"]
[White "Albuquerque Junior, Wellington S."]
[Black "Gabriel, Robert"]
[Result "1/2-1/2"]
[BlackTitle "FM"]
[WhiteElo "2209"]
[BlackElo "2236"]
[WhiteFideId "2151480"]
[BlackFideId "4606477"]
[EventDate "2020.07.14"]
[EventType "blitz"]

1. d4 d5 2. Nc3 Nf6 3. Bg5 e6 4. e4 Be7 5. Bxf6 Bxf6 6. Nf3 dxe4 7. Nxe4 O-O 8.
Qd2 b6 9. O-O-O Bb7 10. Bd3 h6 11. c3 Nd7 12. h4 c5 13. dxc5 Nxc5 14. Nxc5 bxc5
15. Qe3 Qa5 16. Bb1 Rfd8 17. g4 Rxd1+ 18. Rxd1 Rd8 19. Rxd8+ Qxd8 20. Be4 Bxe4
21. Qxe4 Qd5 22. Qxd5 exd5 23. Kd2 Kf8 24. Kd3 Ke8 25. b3 Kd7 26. c4 Ke6 27.
cxd5+ Kxd5 28. h5 a6 29. a4 g6 30. Nd2 gxh5 31. gxh5 1/2-1/2

[Event "33rd Leon Blitz Open 2020"]
[Site "chess.com INT"]
[Date "2020.07.14"]
[Round "8"]
[White "Korobov, Anton"]
[Black "Kobalia, Mikhail"]
[Result "1-0"]
[WhiteTitle "GM"]
[BlackTitle "GM"]
[WhiteElo "2688"]
[BlackElo "2614"]
[WhiteFideId "14105730"]
[BlackFideId "4119150"]
[EventDate "2020.07.14"]
[EventType "blitz"]

1. d4 d5 2. c4 c6 3. Nf3 Nf6 4. Nc3 a6 5. Qc2 g6 6. Bg5 dxc4 7. a4 Bg4 8. e3
Bxf3 9. gxf3 Bg7 10. Bxc4 Qa5 11. Bxf6 Bxf6 12. Qb3 Nd7 13. Bxf7+ Kf8 14. Be6
Nb6 15. f4 Kg7 16. O-O Rab8 17. Rfd1 Rhd8 18. Ne4 Nd5 19. Rac1 b5 20. Rxc6 bxa4
21. Qc4 Rb5 22. Nc5 Nb4 23. Rc8 Rxc8 24. Bxc8 Rb6 25. Ne6+ Kh6 26. d5 a3 27.
bxa3 Qxa3 28. f5 g5 29. h4 Rxe6 30. fxe6 gxh4 31. d6 Qa4 32. Rb1 1-0

[Event "33rd Leon Blitz Open 2020"]
[Site "chess.com INT"]
[Date "2020.07.14"]
[Round "8"]
[White "Rojas Salas, Steven"]
[Black "Sengupta, Deep"]
[Result "0-1"]
[WhiteTitle "FM"]
[BlackTitle "GM"]
[WhiteElo "2194"]
[BlackElo "2527"]
[WhiteFideId "3819434"]
[BlackFideId "5008352"]
[EventDate "2020.07.14"]
[EventType "blitz"]

1. c4 e5 2. Nc3 Nc6 3. Nf3 g6 4. e3 Bg7 5. d4 d6 6. Be2 Nge7 7. O-O O-O 8. d5
Nb8 9. e4 f5 10. c5 dxc5 11. Qb3 Kh8 12. Rd1 a6 13. Bg5 Qd6 14. Nd2 Ng8 15. Nc4
Qd7 16. Be3 b5 17. Na5 c4 18. Qa3 Rd8 19. Bc5 Qf7 20. b3 Nd7 21. Nc6 Re8 22.
bxc4 Nxc5 23. Qxc5 Bf8 24. Qe3 b4 25. Na4 Bd7 26. Nc5 Bxc6 27. dxc6 f4 28. Rd7
fxe3 29. Rxf7 exf2+ 30. Kf1 Bxc5 31. Rd1 Re7 32. Rd7 Rxf7 33. Rxf7 Ne7 34. Bg4
a5 35. Bd1 a4 36. a3 bxa3 37. Rxf2 Bxf2 38. Kxf2 a2 0-1

[Event "33rd Leon Blitz Open 2020"]
[Site "chess.com INT"]
[Date "2020.07.14"]
[Round "8"]
[White "Mogirzan, Matei-Valeriu"]
[Black "Divya, Deshmukh"]
[Result "0-1"]
[WhiteTitle "CM"]
[BlackTitle "WIM"]
[WhiteElo "1813"]
[BlackElo "2305"]
[WhiteFideId "1257455"]
[BlackFideId "35006916"]
[EventDate "2020.07.14"]
[EventType "blitz"]

1. c4 e5 2. e3 Nf6 3. d3 d5 4. cxd5 Nxd5 5. Nf3 Nc6 6. Nc3 Be6 7. Be2 f6 8. O-O
Be7 9. Bd2 O-O 10. a3 Qd7 11. b4 a6 12. Rc1 Rfd8 13. Qc2 Nb6 14. Kh1 Qe8 15. Ne4
Nd7 16. Rg1 Kh8 17. g4 f5 18. Neg5 Bxg5 19. Nxg5 fxg4 20. Nxe6 Qxe6 21. Rxg4 Rf8
22. Rcg1 Rxf2 23. Qd1 Rf7 24. Qe1 Raf8 25. Qg3 g6 26. Bc3 Qd5+ 27. e4 Qb3 28.
Bd2 Nd4 29. Rxg6 hxg6 30. Qxg6 Qe6 31. Qh5+ Rh7 32. Qg5 Nxe2 33. Rg2 Rf1+ 0-1